The Queen Mother

Bibliographic Details
Main Author: Mcgowan, Helene
Format: Book
Published: New York : Smithmark Publishers Inc. , 1992
Subjects:

MARC

LEADER 00000cam a2200000 7i4500
001 0000046839
005 20150408.0
008 150408
020 |a 0831772611 
020 |a 9780831772611 
090 0 0 |a 929.7   |b MCG 
100 1 |a Mcgowan, Helene 
245 1 0 |a The Queen Mother   |c Helene Mcgowan 
260 |a New York :   |b Smithmark Publishers Inc. ,   |c 1992 
650 0 |a Elizabeth, the queen mother 
650 0 |a Great Britian   |x Kings and rules   |x Biography 
999 |a 0000749923   |b Book   |c Adult Collection   |e Cawangan Tmn. Ungku Tun Aminah 
999 |a 0000749924   |b Book   |c Adult Collection   |e Cawangan Pontian 
999 |a 0000749925   |b Book   |c Adult Collection   |e Cawangan Muar